00880ntm a2200217 a 450000100060000000300080000600500170001400800410003103500190007204000350009104100080012608200270013410000260016124501530018726000720034030000380041250200750045050400350052565000610056070000410062137369BD-RjUL20211209052613.0141205s2013 bg ||||| m||| 00| 0 eng d a(BD-RjUL)37472 aBD-RjULbengcBD-RjULdBD-RjUL aeng 221a333.7314bSAI 2013 aSarder, Md. Emran Ali aImpact of the stress of Land use change on Water resources:ba case of Barind Region /cby Md. Emran Ali Sarder ;6Research Supervisor: Raquib Ahmed aRajshahi:bDept. of Geography and Environmental studies, R.U.c2013 a[16], 161 leaves :bIll. ;c29cm. aThesis (M. Phil.)--Dept. of Geography and Environmental studies, 2013. aBibliography: Leaves [145]-156 aLand UsexEnvironment aspectszBangladeshzBarind Region a Ahmed, Raquib, Research Supervisor